[Event "IECG TE.2006.P.02116"]
[Site "IECG email"]
[Date "2006.03.17"]
[Round "?"]
[White "Cesbron, Guy"]
[Black "Cotton, Logan"]
[Result "1-0"]
[WhiteElo "2186"]
[BlackElo "1215"]
[PlyCount "29"]
[EventDate "2006.03.17"]
[EventType "tourn (corr)"]
[EventRounds "2"]
[SourceTitle "Corr 2024"]
[Source "ChessBase"]
[SourceDate "2023.10.19"]
[SourceVersion "1"]
[SourceVersionDate "2023.10.19"]
[SourceQuality "1"]

1. e4 c5 2. f4 d6 3. Nc3 a6 4. Nf3 Nc6 5. g3 b5 6. Bg2 f6 7. d4 cxd4 8. Nxd4 Bb7 9. Ne6 Qb6 10. Nd5 Qa7 11. Be3 Qb8 12. Ndc7+ Kf7 13. Ng5+ fxg5 14. Qd5+ Kg6 15. Qf5+ 1-0

[Event "IECG TE.2006.P.02116"]
[Site "IECG email"]
[Date "2006.03.17"]
[Round "?"]
[White "Cotton, Logan"]
[Black "Cesbron, Guy"]
[Result "0-1"]
[WhiteElo "1215"]
[BlackElo "2186"]
[PlyCount "30"]
[EventDate "2006.03.17"]
[EventType "tourn (corr)"]
[EventRounds "2"]
[SourceTitle "Corr 2024"]
[Source "ChessBase"]
[SourceDate "2023.10.19"]
[SourceVersion "1"]
[SourceVersionDate "2023.10.19"]
[SourceQuality "1"]

1. e4 c5 2. f4 Nc6 3. Nf3 g6 4. c3 d5 5. exd5 Qxd5 6. Be2 Bg7 7. 0-0 Nf6 8. d4 cxd4 9. cxd4 0-0 10. Nc3 Qd6 11. Be3 Ng4 12. Qd2 Nxe3 13. Qxe3 Nxd4 14. Rad1 Nxe2+ 15. Nxe2 Qe6 0-1

[Event "IECG QE.2004.0.00079 email"]
[Site "IECG email"]
[Date "2004.11.01"]
[Round "?"]
[White "Cotton, Logan"]
[Black "Snitselaar, Jerry J"]
[Result "1-0"]
[WhiteElo "1305"]
[BlackElo "1241"]
[PlyCount "29"]
[EventDate "2004.11.01"]
[EventType "tourn (corr)"]
[EventRounds "6"]
[SourceTitle "Corr 2008"]
[Source "ChessBase"]
[SourceDate "2008.06.24"]
[SourceVersion "1"]
[SourceVersionDate "2008.06.24"]
[SourceQuality "1"]

1. e4 c6 2. d4 d5 3. e5 Bf5 4. Nc3 e6 5. g4 Bg6 6. Nge2 c5 7. Be3 Nc6 8. dxc5 Nxe5 9. Nf4 Ne7 10. Nxg6 N7xg6 11. f4 Nc6 12. Nb5 a6 13. Nd4 Bxc5 14. Nxc6 Qh4+ 15. Kd2 1-0

[Event "IECG QE.2004.0.00079 email"]
[Site "IECG email"]
[Date "2004.11.01"]
[Round "?"]
[White "Snitselaar, Jerry J"]
[Black "Cotton, Logan"]
[Result "0-1"]
[WhiteElo "1241"]
[BlackElo "1305"]
[PlyCount "28"]
[EventDate "2004.11.01"]
[EventType "tourn (corr)"]
[EventRounds "6"]
[SourceTitle "Corr 2008"]
[Source "ChessBase"]
[SourceDate "2008.06.24"]
[SourceVersion "1"]
[SourceVersionDate "2008.06.24"]
[SourceQuality "1"]

1. d4 d5 2. c4 dxc4 3. Nf3 a6 4. e3 b5 5. a4 Bb7 6. b3 cxb3 7. axb5 axb5 8. Rxa8 Bxa8 9. Bxb5+ Nd7 10. Qxb3 Bxf3 11. gxf3 Ngf6 12. Rg1 g6 13. Bc6 Bg7 14. Ba3 0-0 0-1